VRAI / FAUX Ligne 8 du métro parisien - Statistiques

Statistiques générales
  • Ce quiz a été pris 7 fois
  • Le résultat moyen est 10 sur 65
Statistiques - réponses
Question Réponse % Correct
La création de la station École vétérinaire de Maisons-Alfort a nécessité la création d'un pont sur la Seine FAUX
100%
La station Grands boulevards est renommée en 1998 pour que les touristes cessent d'y chercher le Sacré-Coeur ! VRAI
100%
Lors de son inauguration, la station École vétérinaire de Maisons-Alfort s'appelait Maisons-Alfort - Ecole vétérinaire VRAI
100%
La station Charenton - Écoles permet d'accéder au confluent de la Marne et de la Seine VRAI
100%
La station Bonne Nouvelle dispose de 6 accès dont un rue du soleil FAUX
50%
La ligne 8 mesure plus de 23 km et dispose de 45 stations FAUX
50%
Créteil-Préfecture est un des actuels terminus de la ligne 8 FAUX
50%
La ligne 8 compte 2 stations de plus que la ligne 7 FAUX
50%
La station Ledru-Rollin perpétue le souvenir d'un chimiste du XVIIIe FAUX
50%
C'est dans la station Richelieu-Drouot qu'est installé le monument aux morts de la Compagnie du chemin de fer métropolitain de Paris pour la 1ère Guerre mondiale. VRAI
50%
La station Créteil - Université dessert le site de l'Université Paris XII VRAI
50%
La station Pointe du Lac est la 300e station créée à Paris. VRAI
50%
La station Créteil - L'Echat a comme sous-titre Hôpital Henri Mondor VRAI
50%
La station Richelieu-Drouot a longtemps desservi le "Temple du rock" de Paris VRAI
50%
La station Richelieu-Drouot est un exemple d'association du sabre et du goupillon... ou plutôt l'inverse... VRAI
50%
Pour les 60 ans de la BD Astérix et Obélix, en 2020, la station Ecole militaire est renommée brièvement Ecole Légionnaire FAUX
0%
Le nom de la station Filles du Calvaire fait référence à l'exécution de religieuses pendant la Révolution FAUX
0%
La station La Tour-Maubourg dessert l'Hôtel des Invalides contrairement à la station Invalides FAUX
0%
La station Félix Faure est une des deux seules à Paris à rendre hommage à un ancien président de la République FAUX
0%
La station Invalides assure la correspondance avec le RER B par la gare des Invalides FAUX
0%
La station Créteil - L'Echat dessert un quartier d'habitation FAUX
0%
La station Ecole militaire est ouverte le 14 juillet 1913 FAUX
0%
La station Chemin vert rappelle le souvenir d'une auberge du chemin vert FAUX
0%
La station Balard est bombardée en 1944 ce qui cause la mort de 22 personnes FAUX
0%
La station Bonne Nouvelle est à proximité du musée du café FAUX
0%
La station Montgallet est dans le XIIIe arrondissement FAUX
0%
Sur les murs de la station École vétérinaire de Maisons-Alfort on peut voir des photographies d'animaux FAUX
0%
La station Créteil - L'Echat est une station surélevée aérienne FAUX
0%
La station Maisons-Alfort - Les Juilliottes doit son nom à des ramasseuses de fraises, qu'elles venaient cueillir en juillet FAUX
0%
La station Grands boulevards est d'abord appelée Montmartre puis Butte Montmartre FAUX
0%
La station Saint-Sébastien - Froissart prend son nom actuel moins de 6 mois après son inauguration FAUX
0%
La station Madeleine est une des dix à rendre hommage à une femme sur le réseau de métro FAUX
0%
La station Pointe du Lac située à Créteil dessert aussi une partie de la commune de Thiais FAUX
0%
La station Balard est un des terminus de la ligne 8 dans le XVIe arrondissement FAUX
0%
La station Liberté a ouvert sous le nom de Nationale 6 en 1942 FAUX
0%
La station Maisons-Alfort - Les Juilliottes a été inaugurée en 1972. VRAI
0%
La station Maisons-Alfort - Stade se trouve près de l'ancien fort de Charenton VRAI
0%
La station Charenton - Écoles est sous-titrée Place Aristide Briand VRAI
0%
A défaut de Sacré-Coeur, on peut trouver près de la station Grands boulevards, le musée Grévin VRAI
0%
En panne d'ordinateur, descendez station Montgallet... VRAI
0%
Près de la station Invalides se trouve un arrêt de la ligne Tootbus destiner à la découverte de Paris en bus par les touristes VRAI
0%
La station Bonne Nouvelle est renommée le 31 décembre 2020 en Bonne nouvelle l'année 2020 est finie VRAI
0%
La station Saint-Sébastien - Froissart a été inaugurée sous le nom de Saint-Sébastien en 1931 VRAI
0%
La station Porte Dorée doit son nom à une "porte de l'orée" du bois de Vincennes VRAI
0%
La ligne 8 est la seule à traverser un fleuve et son principal affluent VRAI
0%
La station Liberté se trouve sur la commune de Charenton-le-Pont VRAI
0%
La station Commerce a failli porter le même nom qu'une autre station renommée quelques mois avant son ouverture pour éviter toute confusion VRAI
0%
La station Porte de Charenton est un des anciens terminus de la ligne 8 VRAI
0%
Si je veux aller au cirque d'hiver, je dois descendre à la station Filles du Calvaire VRAI
0%
La station Balard donne accès au pentagone à la française, nommé l'hexagone VRAI
0%
La station Boucicaut porte le nom d'un couple de philanthropes fondateurs d'un hôpital VRAI
0%
La station Lourmel rend hommage à un général du second empire tué en Crimée VRAI
0%
Jacques Fesch, braqueur, meurtrier d'un gardien de la paix, est arrêté dans la station Richelieu-Drouot le 25 février 1954. Il sera condamné à mort et exécuté en 1957. VRAI
0%
La station Michel Bizot rend hommage à un résistant de la 2e Guerre mondiale VRAI
0%
La station Boucicaut dispose d'un accès rue Sarasate VRAI
0%
La station Pointe du Lac pourrait être desservie par un téléphérique dans les prochaines années VRAI
0%
La ligne 8 du métro dessert 4 communes VRAI
0%
Le 19 octobre 1783, si le métro avait existé, il aurait fallu descendre à la station Faidherbe-Chaligny pour voir décoller la première montgolfière VRAI
0%
La ligne 8 est la plus longue du réseau de métro VRAI
0%
En 1937, un crime a été découvert dans une rame de 1ère classe à la station Porte Dorée, l'assassin n'a jamais été connu même s'il s'est accusé de son crime en 1962. VRAI
0%
La ligne 8 est la dernière prévue par Fulgence Bienvenüe en 1896 VRAI
0%
A la station Madeleine se rejoignent 3 lignes VRAI
0%
La signalétique de la ligne 8 est un chiffre 8 noir sur un rond parme VRAI
0%
Le 20 mars 2018 des fleurs sont distribuées aux usagers dans plusieurs stations dont Chemin vert et Bonne Nouvelle VRAI
0%
La station Faidherbe-Chaligny a été rebaptisée Faidherbe ça suffit par l'association Survie en 2018 pour protester contre le souvenir du colonialisme VRAI
0%
Aucun quiz correspondant
Distribution des résultats
% des personnes avec chaque résultat
Percentile par nombre de réponses
Votre historique - résultats
Vous n’avez pas pris ce quiz